| 000 | 00762nam a22002297a 4500 | ||
|---|---|---|---|
| 999 |
_c5151 _d5151 |
||
| 003 | AR-CdUCM | ||
| 008 | 190312b ||||| |||| 00| 0 spa d | ||
| 020 | _a84-252-0839-4 | ||
| 040 |
_aMUNICIPALIDAD PROVINCIAL DEL CUSCO _cBIBLIOTECA MUNICIPAL DEL CUSCO |
||
| 041 | _hger | ||
| 082 |
_a747 / _bS47 |
||
| 100 |
_aStier, Olga _915647 |
||
| 245 | _aColor y decoración en el hogar / | ||
| 260 |
_aBarcelona : _bEd, Gili, _c1975. |
||
| 300 |
_a221 páginas _bIlustraciones, _c25 cm. |
||
| 505 | _aPalisandro -- Madera de teca -- Madera de roble -- Wengué --Madera de nogal -- Madera de caoba.. | ||
| 650 |
_aArquitectura _93356 |
||
| 650 |
_aDecoración _915648 |
||
| 650 |
_aArte _9561 |
||
| 700 |
_aTraducción: Alma Ahrendts _915649 |
||
| 942 |
_2ddc _cLIBROS |
||